000 00500nam a2200193Ia 4500
008 220531s9999 xx 000 0 und d
041 _aeng
082 _bPAT
100 _aPatil, S. R. &. Others
_959394
245 _aMultivariable Calculus-i (mathematics Paper-i)
250 _a1ST
260 _aPune
_bNirali
_c2014
300 _a5.80+
542 _d03-07-2014
551 _aScience
_bNon-grant-SCI
650 _aMathematics
_959395
906 _d2014-2015
_f229
999 _c33982
_d33982